000 00620nam a2200205Ia 4500
005 20250508163635.0
008 008 250505s9999 xx 000 0 eng d
020 _a1-85302-393-0
037 _aTextual
040 _aFEDL
_beng
_cFEDL
041 _aeng
_2eng
084 _a371.425, ELL
_qFEDL
100 _aElliott Geoffrey
_9284100
245 0 _aCrisis and change in vocational education and training
260 _aLondon, UK
_bJessica Kingsley Publishers
_c1996
300 _ax,148p
490 _aHigher education policy series; 36
942 _cTEXL
_h371.425, ELL
999 _c1384476
_d1384476